Statistics for Musicians by Picture #2

Click here to take the quiz!

General Stats

  • This quiz has been taken 32,292 times
    (7,333 since last reset)
  • The average score is 14 of 20

Answer Stats

Answer% Correct
Elvis Presley
98%
Ed Sheeran
95%
Freddie Mercury
91%
Ludwig van Beethoven
91%
Drake
90%
Nicki Minaj
88%
Harry Styles
87%
Kurt Cobain
84%
The Weeknd
81%
Celine Dion
77%
John Legend
74%
Dua Lipa
73%
Lil Wayne
60%
Luciano Pavarotti
56%
Robbie Williams
55%
Willie Nelson
51%
Carlos Santana
48%
Keith Richards
43%
Billie Joe Armstrong
41%
Eddie Van Halen
38%

Score Distribution

Percentile by Number Answered

Percent of People with Each Score

Your Score History

You have not taken this quiz since the last reset